Element... or something else? - Statistics

General Stats
  • This quiz has been taken 17 times
  • The average score is 11 of 15
Answer Stats
Question Answer % Correct
Beryllium Chemical element
100%
Strontium Chemical element
100%
Tellurium Chemical element
100%
Elysium Something else
100%
Adamantite Something else
100%
Romanium Something else
100%
Testimony Something else
100%
Somnium Something else
100%
Vanadium Chemical element
50%
Dubnium Chemical element
50%
Antimony Chemical element
50%
Lanthanum Chemical element
50%
Valine Something else
50%
Arginine Something else
50%
Manganesium Something else
0%
No matching quizzes found
Score Distribution
Percent of People with Each Score
Percentile by Number Answered
Your Score History
You have not taken this quiz